Vowel/Consonant Countries Quiz Stats

 Plays Quiz Updated Nov 28, 2018

     
Support Sporcle.
Go Orange.
Score 0/34 Timer 08:00
4 Plays Today
Country % Correct
Canada
86.1%
Japan
80.5%
Mexico
76.8%
Peru
69.8%
Italy
69.4%
Iran
66%
Iraq
65.9%
Cuba
62.6%
Yemen
60.8%
Oman
60.5%
Fiji
58.3%
Panama
58.2%
Togo
54.4%
Niger
53.6%
Mali
52.3%
Sudan
50.7%
Belize
49.5%
Country % Correct
Qatar
49.2%
Nepal
47.5%
Bahamas
46%
Benin
44.7%
Monaco
44.1%
Lebanon
40.4%
Dominica
39.7%
Belarus
38.5%
Kosovo
38.4%
Tuvalu
38%
Malawi
37.2%
Gabon
37.2%
Suriname
37%
Comoros
36.1%
Senegal
35.9%
Kiribati
35.6%
United Arab Emirates
27.7%

From the Vault

Presidents Known by Middle Names

by MADZattack

History 90s
Apparently it's an accepted practice to change your name upon enrolling at West Point. If you're planning to end up a US President, that is.
Remove Ads.
Support Sporcle.
Get the best of Sporcle when you Go Orange. This ad-free experience offers more features, more stats, and more fun while also helping to support Sporcle. Thank you for becoming a member.

Show Comments

Extras

Top Quizzes Today


Score Distribution

Your Account Isn't Verified!

In order to create a playlist on Sporcle, you need to verify the email address you used during registration. Go to your Sporcle Settings to finish the process.

Report this User

Report this user for behavior that violates our Community Guidelines.

Details: